| 000 -LEADER | |
|---|---|
| fixed length control field | 00435nam a22001697a 4500 |
| 005 - DATE AND TIME OF LATEST TRANSACTION | |
| control field | 20230130152732.0 |
| 008 - FIXED-LENGTH DATA ELEMENTS--GENERAL INFORMATION | |
| fixed length control field | 220209b ||||| |||| 00| 0 eng d |
| 020 ## - INTERNATIONAL STANDARD BOOK NUMBER | |
| ISBN | 81-239-0614-5 |
| 041 ## - LANGUAGE CODE | |
| Language code of text/sound track or separate title | eng |
| 082 ## - DEWEY DECIMAL CLASSIFICATION NUMBER | |
| Classification number | 615.19 VYA-B |
| 100 ## - MAIN ENTRY--AUTHOR NAME | |
| Personal name | VYAS, S.P. AND DIXIT, V.K. |
| 245 ## - TITLE STATEMENT | |
| Title | PHARMACEUTICAL BIOTECHNOLOGY |
| 260 ## - PUBLICATION, DISTRIBUTION, ETC. (IMPRINT) | |
| Place of publication | NEW DELHI |
| Name of publisher | CBS PUBLICATIONS |
| 300 ## - PHYSICAL DESCRIPTION | |
| Number of Pages | 674;p |
| 650 ## - SUBJECT ADDED ENTRY--TOPICAL TERM | |
| Topical Term | PHARMACY |
| General subdivision | B.PHARMA |
| 942 ## - ADDED ENTRY ELEMENTS (KOHA) | |
| Koha item type | Books |
| Lost status | Damaged status | Collection code | Home library | Current library | Shelving location | Date acquired | Source of acquisition | Cost, normal purchase price | Full call number | Accession Number | Koha item type |
|---|---|---|---|---|---|---|---|---|---|---|---|
| Reference | JRU Library | JRU Library | SHELF-5-D | 09/02/2022 | PURCHASE | 695.00 | 615.19 | 25994 | Books | ||
| PHARMACY | JRU Library | JRU Library | SHELF - 17 - H | 09/02/2022 | PURCHASE | 695.00 | 615.19 | 25995 | Books | ||
| PHARMACY | JRU Library | JRU Library | SHELF - 17 - H | 09/02/2022 | PURCHASE | 695.00 | 615.19 | 25996 | Books | ||
| PHARMACY | JRU Library | JRU Library | SHELF - 17 - H | 23/01/2023 | LOHIA BOOK INTERNATIONAL | 650.00 | 615.19 | 27457 | Books | ||
| PHARMACY | JRU Library | JRU Library | SHELF - 17 - H | 23/01/2023 | LOHIA BOOK INTERNATIONAL | 650.00 | 615.19 | 27458 | Books | ||
| PHARMACY | JRU Library | JRU Library | SHELF - 17 - H | 23/01/2023 | LOHIA BOOK INTERNATIONAL | 650.00 | 615.19 | 27459 | Books | ||
| PHARMACY | JRU Library | JRU Library | SHELF - 17 - H | 23/01/2023 | LOHIA BOOK INTERNATIONAL | 650.00 | 615.19 | 27460 | Books | ||
| PHARMACY | JRU Library | JRU Library | SHELF - 17 - H | 23/01/2023 | LOHIA BOOK INTERNATIONAL | 650.00 | 615.19 | 27461 | Books | ||
| PHARMACY | JRU Library | JRU Library | SHELF - 17 - H | 23/01/2023 | LOHIA BOOK INTERNATIONAL | 650.00 | 615.19 | 27462 | Books | ||
| PHARMACY | JRU Library | JRU Library | SHELF - 17 - H | 23/01/2023 | LOHIA BOOK INTERNATIONAL | 650.00 | 615.19 | 27463 | Books | ||
| PHARMACY | JRU Library | JRU Library | SHELF - 17 - H | 23/01/2023 | LOHIA BOOK INTERNATIONAL | 650.00 | 615.19 | 27464 | Books | ||
| PHARMACY | JRU Library | JRU Library | SHELF - 17 - H | 23/01/2023 | LOHIA BOOK INTERNATIONAL | 650.00 | 615.19 | 27465 | Books | ||
| PHARMACY | JRU Library | JRU Library | SHELF - 17 - H | 23/01/2023 | LOHIA BOOK INTERNATIONAL | 650.00 | 615.19 | 27466 | Books |